Katalóg metod řízení

Enregistré dans:
Détails bibliographiques
Auteur principal: Sokolovský, Tomáš
Format: Livre
Langue:tchèque
Publié: Ostrava Ústav pro automat. říz. v prům. 1982
Édition:1. vyd.
Tags: Ajouter un tag
Pas de tags, Soyez le premier à ajouter un tag!

MARC

LEADER 00000nam a2200000 4500
001 c036695
005 20221220095807.4
041 0 |a cze 
044 |a CZ 
245 1 0 |a Katalóg metod řízení  |c Sprac. Tomáš Sokolovský 
250 |a 1. vyd. 
264 1 |a Ostrava  |b Ústav pro automat. říz. v prům.  |c 1982 
300 |a 4 zv. 
100 1 |a Sokolovský, Tomáš